Muerte en Venecia (Record no. 616)

MARC details
000 -LEADER
campo de control de longitud fija 00615nam a22001457a 4500
008 - DATOS DE LONGITUD FIJA--INFORMACIÓN GENERAL
campo de control de longitud fija 150522b xxu||||| |||| 00| 0 eng d
082 ## - NÚMERO DE LA CLASIFICACIÓN DECIMAL DEWEY
Número de clasificación 708
Número de ítem D 542m
100 ## - ENTRADA PRINCIPAL--NOMBRE DE PERSONA
Nombre de persona Diaz, Gonzalo
9 (RLIN) 817
245 ## - MENCIÓN DEL TÍTULO
Título Muerte en Venecia
Resto del título Death in Venice
Mención de responsabilidad, etc. Diaz,Gonzalo; Arestizabal, Irma (curadora); Bonanni, Alessandra (curadora adjunta)
260 ## - PUBLICACIÓN, DISTRIBUCIÓN, ETC.
Lugar de publicación, distribución, etc. Chile
Nombre del editor, distribuidor, etc. Salviat Impresores S.A.
Fecha de publicación, distribución, etc. 2005
300 ## - DESCRIPCIÓN FÍSICA
Extensión 93 p.
Otras características físicas ill. (col)
Dimensiones 14x21.5
600 ## - PUNTO DE ACCESO ADICIONAL DE MATERIA--NOMBRE DE PERSONA
Nombre de persona Diaz, Gonzalo
Subdivisión general Exposiciones
9 (RLIN) 2754
650 ## - PUNTO DE ACCESO ADICIONAL DE MATERIA--TÉRMINO DE MATERIA
Subdivisión general Arte-Chile
-- S.21
-- Instalaciones Arte-Chile
9 (RLIN) 2755
700 ## - ENTRADA AGREGADA--NOMBRE PERSONAL
Nombre de persona Gonzalo Diaz; Irma Arestizabal (curadora);Alessandra Bonanni (curadora adjunta)
9 (RLIN) 2756
Holdings
Estatus retirado Estado de pérdida Fuente del sistema de clasificación o colocación Estado de daño No para préstamo Biblioteca de origen Biblioteca actual Ubicación en estantería Fecha de adquisición Total de préstamos Signatura topográfica completa Código de barras Visto por última vez Precio de reemplazo Tipo de ítem Koha
    Clasificación Decimal Dewey     Biblioteca LadoV Biblioteca LadoV   22/05/2015   708 D 542m 000721 22/05/2015 22/05/2015 Material 01